| 000 | 01596nam a2200325 a 4500 | ||
|---|---|---|---|
| 001 | BRCA_3098 | ||
| 005 | 20190320204118.0 | ||
| 008 | 280109s1838----fr-a---###---#000-0dfre-u | ||
| 041 | _afre | ||
| 044 | _afr | ||
| 084 |
_a404 _b.D83 _c1838 |
||
| 100 | 1 |
_aCervantes Saavedra, Miguel de _d1547-1616 _9213 |
|
| 245 | 1 | 0 |
_aL´Ingénieux Hidalgo Don Quichotte de la Manche _cpar Miguel de Cervantes Saavedra. |
| 260 |
_aParís _bJ.J. Dubochet _c1838 |
||
| 300 |
_a4 v. _bil. _c16 cm. |
||
| 500 | _aContenido : v 1. Primera parte. Noticia sobre la vida y obra de Cervantes por L. Viardot. Prólogo del autor. Texto. -- v 2. Texto. -- v 3. Segunda parte. Prólogo del autor. Texto. -- v 4. Texto | ||
| 500 | _aEdición : Traduite et annoté par Louis Viardot | ||
| 500 | _aEdición conforme a la publicada por el mismo editor, en 1836-37, pero sin los dibujos de Johannot; en cambio, va adornada con el retrato de Cervantes grabado por Lefevre y varias láminas de Charlet. Al pie de las páginas, las notas de Viardot. Piel; lomos y planos decorados con dorados Lúdovik Osterc | ||
| 500 | _aQM330 | ||
| 546 | _aTexto en : francés | ||
| 650 | 1 | 4 |
_aNovela española _yÉpoca clásica, 1500-1700 _9215 |
| 650 | 1 | 4 |
_aLiteratura española _yÉpoca clásica, 1500-1700 _9216 |
| 650 | 1 | 4 |
_aNovela española _ySiglo XVII _9217 |
| 650 | 1 | 4 |
_aDon Quijote (Personaje ficticio) _eNovela _9218 |
| 700 | 1 |
_aViardot, Louis _d1800-1883 _eTradutor _98446 |
|
| 700 | 1 |
_aJohannot, Tony _d1803-1852 _eIlustrador _98447 |
|
| 740 | 0 | _aEl Ingenioso Hidalgo Don Quijote de la Mancha | |
| 902 | _aQFM | ||
| 942 |
_2lcc _cB |
||
| 999 |
_c2834 _d2834 |
||